000 00343nam a22001457a 4500
003 MACL
005 20191208165003.0
008 191208b xxu||||| |||| 00| 0 eng d
040 _cMACL
100 _aRana, Jyoti
_977494
245 _aThe Realm of Memiries
260 _aDelhi
_bLokmitra
_c2018
650 _aPoetry
_977495
942 _2ddc
_cBK
999 _c61544
_d61544